Statistics for What does this letter stand for?

Click here to take the quiz!

General Stats

  • This quiz has been taken 189 times
  • The average score is 14 of 26

Answer Stats

TheinStands for% Correct
PASAPPossible
94%
EEUEuropean
88%
(First) XXXLExtra
85%
OLMFAOOff
82%
(Second) KKKKKlux
77%
BABC (TV Channel)Broadcasting
75%
WWHOWorld
74%
VVRVirtual
72%
FNSFWFor
68%
QIQQuotient
65%
RNASCARRacing
65%
TNATOTreaty
65%
YY2KYear
65%
HNHSHealth
63%
UUSBUniversal
62%
JWWJDJesus
58%
MTMNTMutant
48%
CE=mc²Speed of Light
43%
LHtMLLanguage
41%
SPSPStation
39%
NSNESNintendo
34%
(Last) AABBAAnni-Frid
25%
DTARDISDimension
21%
GGNUGNU's
11%
IZIP (like ZIP code)Improvement
7%
ZZMKZambian
3%

Score Distribution

Percentile by Number Answered

Percent of People with Each Score

Your Score History

You have not taken this quiz